| 000 | 00953nac a22002771i 4500 | ||
|---|---|---|---|
| 003 | EG-ScBUE | ||
| 005 | 20240417125010.0 | ||
| 008 | 240417t1963 n f b 001 0 eng d | ||
| 040 |
_aEG-ScBUE _beng _erda _cEG-ScBUE _dEG-ScBUE |
||
| 043 | _ae-sp--- | ||
| 082 | 0 | 4 |
_a946.04 _bELL _222 |
| 100 | 1 |
_aElliott, John Huxtable _q(John Huxtable) _eauthor. |
|
| 245 | 1 | 0 |
_aImperial Spain, 1469-1716 / _cby J. H. Elliott. |
| 264 | 1 |
_aNew York : _bMeridian books, _c[1963] |
|
| 264 | 4 | _cc1963 | |
| 300 |
_a406 pages : _billustrations ; _c19 cm |
||
| 336 |
_2rdacontent _atext _btxt |
||
| 337 |
_aunmediated _2rdamedia _bn |
||
| 338 |
_avolume _bnc _2rdacarrier |
||
| 504 | _aIncludes bibliographical references and index. | ||
| 651 | 7 |
_aSpain _xHistory _yHouse of Austria, 1516-1700. _2BUEsh |
|
| 651 | 7 |
_aSpain _xHistory _yFerdinand and Isabella, 1479-1516. _2BUEsh |
|
| 655 | _vReading book | ||
| 942 |
_cBB _2ddc |
||
| 999 |
_c1760 _d1760 |
||